Normal view MARC view

Entry Personal Name

Number of records used in: 1

001 - CONTROL NUMBER

  • control field: 1143745

003 - CONTROL NUMBER IDENTIFIER

  • control field: OSt

005 - DATE AND TIME OF LATEST TRANSACTION

  • control field: 20260324112704.0

008 - FIXED-LENGTH DATA ELEMENTS

  • fixed length control field: 260324|| aca||aabn | a|a d

040 ## - CATALOGING SOURCE

  • Original cataloging agency: OSt
  • Transcribing agency: OSt

100 ## - HEADING--PERSONAL NAME

  • Personal name: Vijay Kumar Sood; Krishna Murari; Om Hari Gupta; Anupam Kumar

670 ## - SOURCE DATA FOUND

  • Source citation: Work cat.: (OSt)1733047: Vijay Kumar Sood; Krishna Murari; Om Hari Gupta; Anupam Kumar, Soft Computing Applications for Advancements in Power Systems
Copyright @ Delhi University Library System